[Event "Capo di tutti capi"]
[Site "SchemingMind.com"]
[Date "2008.09.24"]
[Round "-"]
[White "riverriver"]
[Black "smothered mate"]
[Result "1-0"]
[WhiteCountry "USA"]
[BlackCountry "POL"]
[WhiteElo "1950"]
[WhiteRD "69"]
[BlackElo "1882"]
[BlackRD "54"]
[GameID "172349"]

1. e4 c5 2. Nf3 d6 3. d4 cxd4 4. Nxd4 Nf6 5. Nc3 g6 6. Be3 Bg7 7. f3 O-O 8. Qd2 Nc6 9. Bc4 Bd7 10. h4 h5
11. Nxc6 bxc6 12. O-O-O Qc7 13. Bh6 Rfb8 14. Qg5 d5 15. Bxg7 Kxg7 16. exd5 cxd5 17. Bxd5 Nxd5 18. Nxd5 Qb7 19. Qe5+ Kh7 20. Rhe1 Be6
21. Nc7 f6 22. Qxe6 Qxc7 23. Qf7+ Kh6 24. Rxe7 Qf4+ 25. Rd2
1-0

[Event "Capo di tutti capi"]
[Site "SchemingMind.com"]
[Date "2008.09.24"]
[Round "-"]
[White "riverriver"]
[Black "Schaakmaatje"]
[Result "1-0"]
[WhiteCountry "USA"]
[BlackCountry "NED"]
[WhiteElo "1923"]
[WhiteRD "70"]
[BlackElo "1767"]
[BlackRD "51"]
[GameID "172350"]

1. e4 c5 2. Nf3 d6 3. d4 cxd4 4. Nxd4 Nf6 5. Nc3 a6 6. Be3 g6 7. f3 Bg7 8. Qd2 h6 9. O-O-O Nc6 10. Nxc6 bxc6
11. e5 Nh7 12. exd6 exd6 13. Qxd6 Qxd6 14. Rxd6 Bb7 15. Bc4 Nf6 16. Bd4 O-O 17. Bxf6
1-0

[Event "Capo di tutti capi"]
[Site "SchemingMind.com"]
[Date "2008.09.24"]
[Round "-"]
[White "riverriver"]
[Black "thebirdolux"]
[Result "0-1"]
[WhiteCountry "USA"]
[BlackCountry "USA"]
[WhiteElo "1955"]
[WhiteRD "76"]
[BlackElo "2314"]
[BlackRD "70"]
[GameID "172351"]

1. e4 c5 2. Nf3 d6 3. d4 cxd4 4. Nxd4 Nf6 5. Nc3 a6 6. Bg5 e6 7. f4 Qb6 8. Qd2 Qxb2 9. Nb3 Qa3 10. Bxf6 gxf6
11. Be2 Nc6 12. O-O Bd7 13. Bh5 Bg7 14. Rad1 Rd8 15. Qxd6 Qxd6 16. Rxd6 Ke7 17. Rfd1 f5 18. e5 f6 19. Nc5 Bc8 20. Rxd8 Rxd8
21. Rxd8 Kxd8 22. exf6 Bxf6 23. N3a4 b5 24. c3 bxa4 25. Nxa4 Ne7 26. g3 Nd5 27. c4 Nb4 28. Kf1 Nxa2 29. Ke2 a5 30. Ke3 Bd7
31. Nc5 a4 32. Bf7 a3 33. Bxe6 Bxe6 34. Nxe6+ Kc8 35. Nd4 Nb4 36. Nb5 a2
0-1

[Event "Capo di tutti capi"]
[Site "SchemingMind.com"]
[Date "2008.09.26"]
[Round "-"]
[White "riverriver"]
[Black "TRFz"]
[Result "0-1"]
[WhiteCountry "USA"]
[BlackCountry "GBR"]
[WhiteElo "1830"]
[WhiteRD "68"]
[BlackElo "2271"]
[BlackRD "77"]
[GameID "172352"]

1. e4 c5 2. Nf3 Nc6 3. Bb5 g6 4. Bxc6 dxc6 5. O-O Bg7 6. c3 Nf6 7. d3 O-O 8. Be3 c4 9. e5 Nd5 10. d4 Bf5
11. Nbd2 Bd3 12. Re1 a5 13. Ng5 Qb6 14. Ndf3 h6 15. Nh3 Qxb2 16. Nd2 Nxc3 17. Qg4 Nxa2 18. Nf4 Bf5 19. Qf3 b5 20. Qxc6 Rfc8
21. Qd5 e6 22. Qf3 Nc3 23. g4 Bc2 24. Qb7 Rab8 25. Qd7 a4 26. Qd6 Bf8 27. Qd7 a3 28. Nxe6 fxe6 29. Qxe6+ Kh7 30. Qf7+ Bg7
31. Kg2 Kh8 32. Rec1 a2 33. e6 Nb1 34. Rxa2 Qxa2 35. Nxb1 Bxb1 36. d5 Be4+ 37. Kg1 Rf8 38. Qd7 Qe2 39. Qd6 Qf3 40. Qg3 Qh1#
0-1

[Event "Capo di tutti capi"]
[Site "SchemingMind.com"]
[Date "2008.09.27"]
[Round "-"]
[White "BlueMooner"]
[Black "riverriver"]
[Result "0-1"]
[WhiteCountry "ENG"]
[BlackCountry "USA"]
[WhiteElo "1774"]
[WhiteRD "84"]
[BlackElo "1964"]
[BlackRD "78"]
[GameID "172354"]

1. e4 c5 2. Nf3 Nc6 3. d4 cxd4 4. Nxd4 e6 5. Nc3 Nf6 6. Ndb5 d6 7. a4 a6 8. Na3 d5 9. exd5 exd5 10. Bg5 Bb4
11. Bd2 O-O 12. Bd3 Re8+ 13. Kf1 Ne5 14. Bg5 h6 15. Bxf6 gxf6 16. Nxd5 Bg4 17. Be2 Bxe2+ 18. Kxe2 Bxa3 19. bxa3 Ng4+ 20. Kf1 Re5
21. c4 f5 22. g3 b5 23. h3 bxc4 24. hxg4 Rxd5 25. Qf3 Rd6 26. Kg2 Rc8 27. gxf5 c3
0-1

[Event "Capo di tutti capi"]
[Site "SchemingMind.com"]
[Date "2008.09.23"]
[Round "-"]
[White "smothered mate"]
[Black "riverriver"]
[Result "0-1"]
[WhiteCountry "POL"]
[BlackCountry "USA"]
[WhiteElo "1904"]
[WhiteRD "55"]
[BlackElo "1923"]
[BlackRD "70"]
[GameID "172356"]

1. e4 c5 2. c3 Nf6 3. e5 Nd5 4. g3 d6 5. exd6 Qxd6 6. Bg2 Nc6 7. Ne2 Bf5 8. d4 cxd4 9. cxd4 Ndb4 10. O-O Nc2
11. Bf4 e5 12. dxe5 Qxd1 13. Rxd1 Nxa1 14. Nbc3 Nc2 15. Nb5 Rc8 16. Bg5 Bc5 17. Bxc6+ bxc6 18. Nc7+ Kf8 19. Nc3 Bg4 20. Rd2 Nd4
21. Rd3 Rxc7
0-1

[Event "Capo di tutti capi"]
[Site "SchemingMind.com"]
[Date "2008.09.23"]
[Round "-"]
[White "Schaakmaatje"]
[Black "riverriver"]
[Result "1-0"]
[WhiteCountry "NED"]
[BlackCountry "USA"]
[WhiteElo "1710"]
[WhiteRD "50"]
[BlackElo "1700"]
[BlackRD "63"]
[GameID "172357"]

1. e4 c5 2. Nc3 Nc6 3. f4 g6 4. Nf3 Bg7 5. Bc4 e6 6. Nb5 b6 7. Nd6+ Ke7 8. e5 f6 9. exf6+ Nxf6 10. Nb5 a6
11. Nc3 d5 12. Bf1 d4 13. Nb1 Qd5 14. Na3 Kd7 15. Bc4 Qe4+ 16. Qe2 b5 17. Qxe4 Nxe4 18. Bd3 Nd6 19. O-O Bb7 20. Re1 Raf8
21. Bf1 Rxf4 22. d3 b4 23. Bxf4 bxa3 24. bxa3 Nb5 25. Rab1 Rf8 26. a4 Rxf4 27. axb5 Nb4 28. bxa6 Bxa6 29. Rb2 Rf5 30. Nd2 Nd5
31. Ne4 Ne3 32. Be2 Bc8 33. Bf3 Kc6 34. Ng3+ Rxf3 35. gxf3 Ba6 36. Nf1 c4 37. Nxe3 dxe3 38. Rb8 cxd3 39. cxd3 Bd4 40. Kg2 Kc7
41. Re8 e5 42. Rh8 h5 43. Rc1+ Kd7 44. Rh7+ Kd6 45. Rhc7 Bxd3 46. R7c6+ Kd7 47. a4 e4 48. Rc7+ Ke6 49. fxe4 Bxe4+ 50. Kf1 Bd3+
51. Ke1 Be4 52. Ke2 Bf5 53. a5 Kf6 54. a6 g5 55. R1c6+ Ke5 56. a7 Bg4+ 57. Ke1 Bxa7 58. Rxa7 Kf4 59. Rf7+ Ke4 60. Rc4+ Kd3
61. Rxg4 hxg4 62. Re7 g3 63. hxg3 g4 64. Re8 e2 65. Re7 Kd4 66. Kxe2
1-0

[Event "Capo di tutti capi"]
[Site "SchemingMind.com"]
[Date "2008.09.27"]
[Round "-"]
[White "thebirdolux"]
[Black "riverriver"]
[Result "1-0"]
[WhiteCountry "USA"]
[BlackCountry "USA"]
[WhiteElo "2322"]
[WhiteRD "74"]
[BlackElo "1980"]
[BlackRD "77"]
[GameID "172358"]

1. e4 c5 2. Nc3 Nc6 3. Bb5 Nd4 4. Bc4 e6 5. Nf3 Ne7 6. Nxd4 cxd4 7. Nb5 Qb6 8. c3 d5 9. exd5 exd5 10. Bd3 Bf5
11. Bxf5 Qxb5 12. Bc2 Qa6 13. Qe2 Qxe2+ 14. Kxe2 Nc6 15. Re1 Bd6 16. Kf1+ Kd7 17. Bb3 Rhe8 18. Rxe8 Rxe8 19. Bxd5 f6 20. d3 dxc3
21. bxc3 Bxh2 22. g3 Re5 23. Bb3 Rh5 24. Kg2 b6 25. d4 Bxg3 26. fxg3 a6 27. Rb1 b5 28. a4 b4 29. cxb4 Nxd4 30. Bc4 a5
31. Bf4 g5 32. Be3 Nc2 33. Bb5+ Kc7 34. Rc1 axb4 35. Rxc2+ Kd6 36. Bc5+ Ke6 37. Bxb4 Rh6 38. a5 Rg6 39. Re2+ Kd5 40. Rd2+
1-0

[Event "Capo di tutti capi"]
[Site "SchemingMind.com"]
[Date "2008.09.27"]
[Round "-"]
[White "TRFz"]
[Black "riverriver"]
[Result "1-0"]
[WhiteCountry "GBR"]
[BlackCountry "USA"]
[WhiteElo "2272"]
[WhiteRD "67"]
[BlackElo "1980"]
[BlackRD "77"]
[GameID "172359"]

1. e4 c5 2. Nf3 Nc6 3. d4 cxd4 4. Nxd4 e6 5. Nc3 Nf6 6. Ndb5 d6 7. Bf4 e5 8. Bg5 a6 9. Na3 Be6 10. Nc4 Rc8
11. Bxf6 Qxf6 12. Nb6 Rb8 13. Ncd5 Be7 14. Nxf6+ Bxf6 15. Bc4 O-O 16. Bxe6 fxe6 17. Qxd6 Rf7 18. O-O Re7 19. Rad1 Rd8 20. Qxc6 bxc6
21. Rxd8+ Kf7 22. Rd7 Rxd7 23. Nxd7 a5 24. Rd1 Be7 25. Nxe5+ Kf6 26. Nxc6 Bc5 27. Nxa5 g6 28. Nb7 Be7 29. a4 h5 30. a5
1-0

[Event "Capo di tutti capi"]
[Site "SchemingMind.com"]
[Date "2008.09.28"]
[Round "-"]
[White "mikhailtal"]
[Black "riverriver"]
[Result "1/2-1/2"]
[WhiteCountry "ENG"]
[BlackCountry "USA"]
[WhiteElo "1863"]
[WhiteRD "70"]
[BlackElo "1923"]
[BlackRD "70"]
[GameID "172657"]

1. e4 c5 2. Nf3 Nc6 3. d4 cxd4 4. Nxd4 e6 5. c4 Nf6 6. Nc3 a6 7. Be3 Qc7 8. Qd2 Bb4 9. Bd3 Ne5 10. a3 Nxd3+
11. Qxd3 Bxc3+ 12. bxc3 Ng4 13. Bg5 f6 14. Bh4 Ne5 15. Qg3 g5 16. f4 gxh4 17. Qxh4 Qxc4 18. fxe5 Qxc3+ 19. Ke2 Qxd4 20. exf6 Rf8
21. Rhf1 Qc4+ 22. Kd2 Qd4+ 23. Ke2=
1/2-1/2

[Event "Capo di tutti capi"]
[Site "SchemingMind.com"]
[Date "2008.09.25"]
[Round "-"]
[White "mikhailtal"]
[Black "BlueMooner"]
[Result "1-0"]
[WhiteCountry "ENG"]
[BlackCountry "ENG"]
[WhiteElo "1845"]
[WhiteRD "67"]
[BlackElo "1818"]
[BlackRD "76"]
[GameID "172658"]

1. e4 c5 2. Nf3 Nc6 3. d4 cxd4 4. Nxd4 g6 5. c4 Nf6 6. Nc3 d6 7. Be2 Nxd4 8. Qxd4 Bg7 9. Be3 O-O 10. Qd2 Be6
11. O-O Qa5 12. b3 a6 13. Rac1 Rfc8 14. f4 Bd7 15. Bf3 Bc6 16. g4 Nd7 17. e5 Bxf3 18. Rxf3 Nc5 19. exd6 Bxc3 20. Qxc3 Qxc3
21. Rxc3 Ne4 22. Rd3 Nxd6 23. Bd4 Rc6 24. Rfe3 Kf8 25. Rh3 Kg8 26. Rh6 f5 27. g5 Nf7 28. Rhh3 Rd8 29. Bc3 Rxd3 30. Rxd3 Rd6=
31. Re3 Rd7 32. Kf2 Nd6 33. Bb4 Ne4+ 34. Ke2 e6 35. Rd3 Rxd3 36. Kxd3 Kf7 37. Kd4 b5 38. c5 Ke8 39. Ke5 Kd7 40. c6+ Kxc6
41. Kxe6 Nxg5+ 42. fxg5 f4 43. Be1 b4 44. Kf6 Kd5 45. Kg7 Ke5 46. Kxh7 Kf5 47. h4 a5 48. h5
1-0

[Event "Capo di tutti capi"]
[Site "SchemingMind.com"]
[Date "2008.09.25"]
[Round "-"]
[White "mikhailtal"]
[Black "smothered mate"]
[Result "1-0"]
[WhiteCountry "ENG"]
[BlackCountry "POL"]
[WhiteElo "1873"]
[WhiteRD "73"]
[BlackElo "1886"]
[BlackRD "52"]
[GameID "172660"]

1. e4 c5 2. Nf3 d6 3. d4 cxd4 4. Nxd4 Nf6 5. Nc3 g6 6. Be3 Bg7 7. f3 O-O 8. Qd2 Nc6 9. Bc4 Bd7 10. O-O-O Rb8
11. h4 b5 12. Bb3 Na5 13. Bh6 Bxh6 14. Qxh6 e5 15. Nde2 b4 16. Nd5 Nxb3+ 17. axb3 Nxd5 18. Rxd5 Rb6 19. h5 g5 20. Rxd6 f6
21. Rhd1 Rxd6 22. Rxd6 Qe7 23. Rd1 Be6 24. Kb1 Rc8 25. Rc1 a5 26. g3 Bf7 27. f4 exf4 28. gxf4 Qxe4 29. Qxf6 Bxb3 30. Nd4 Bxc2+
31. Ka1 h6 32. Ne6 Qh7 33. Rxc2 Re8 34. Rc7
1-0

[Event "Capo di tutti capi"]
[Site "SchemingMind.com"]
[Date "2008.09.26"]
[Round "-"]
[White "mikhailtal"]
[Black "Schaakmaatje"]
[Result "1-0"]
[WhiteCountry "ENG"]
[BlackCountry "NED"]
[WhiteElo "1863"]
[WhiteRD "70"]
[BlackElo "1767"]
[BlackRD "51"]
[GameID "172661"]

1. e4 c5 2. Nf3 d6 3. d4 cxd4 4. Nxd4 Nf6 5. Nc3 Nc6 6. Bg5 g6 7. Bxf6 exf6 8. Qd2 Bg7 9. Ndb5 O-O 10. O-O-O f5
11. Qxd6 Qa5 12. Qa3 Qxa3 13. Nxa3 Bxc3 14. bxc3 fxe4 15. Nb5 Bg4 16. Re1 f5 17. h3 Bh5 18. Bc4+ Kg7 19. Nc7 g5 20. Nxa8 Rxa8
21. g4 Bg6 22. gxf5 Bxf5 23. Bd5 Re8 24. Bxc6 bxc6 25. Re3 Kf6 26. f3 Ke5 27. fxe4 Bg6 28. Rf1 Re7 29. Rfe1 Bf7 30. Kb2 Rb7+
31. Ka1 Rb5 32. Rd3 Ra5 33. Rd7 Bxa2 34. Kb2 Bg8 35. Rg7 Rb5+ 36. Ka3 Ra5+ 37. Kb4 Rb5+ 38. Ka4
1-0

[Event "Capo di tutti capi"]
[Site "SchemingMind.com"]
[Date "2008.09.28"]
[Round "-"]
[White "mikhailtal"]
[Black "thebirdolux"]
[Result "0-1"]
[WhiteCountry "ENG"]
[BlackCountry "USA"]
[WhiteElo "1871"]
[WhiteRD "74"]
[BlackElo "2227"]
[BlackRD "74"]
[GameID "172662"]

1. e4 c5 2. Nf3 e6 3. d4 cxd4 4. Nxd4 a6 5. c4 b6 6. Nc3 Bb7 7. Bd3 Bc5 8. Be3 d6 9. O-O Ne7 10. Qg4 O-O
11. a3 Nbc6 12. Nce2 Ne5 13. Qg3 Nxd3 14. Bh6 Ng6 15. Bxg7 Nxb2 16. Bxf8 Qxf8 17. Qb3 Qg7 18. Qxb2 Nh4 19. g3 Nf3+ 20. Kg2 Bxe4
21. Qa2 Nh4+ 22. Kg1 Qg4 23. f3 Nxf3+
0-1

[Event "Capo di tutti capi"]
[Site "SchemingMind.com"]
[Date "2008.09.28"]
[Round "-"]
[White "mikhailtal"]
[Black "TRFz"]
[Result "0-1"]
[WhiteCountry "ENG"]
[BlackCountry "GBR"]
[WhiteElo "1845"]
[WhiteRD "67"]
[BlackElo "2226"]
[BlackRD "68"]
[GameID "172663"]

1. e4 c5 2. Nf3 Nc6 3. d4 cxd4 4. Nxd4 g6 5. c4 Nf6 6. Nc3 Nxd4 7. Qxd4 d6 8. Bg5 Bg7 9. Be2 O-O 10. Qd2 Be6
11. O-O a6 12. Kh1 Qa5 13. f4 Rac8 14. b3 b5 15. f5 b4 16. fxe6 bxc3 17. exf7+ Rxf7 18. Qe3 Rcf8 19. c5 Ng4 20. Qg1 Rxf1
21. Rxf1 Rxf1 22. Qxf1 h5 23. Bc4+ Kh7 24. Qf7 Nf6 25. Bxf6 exf6 26. Qg8+ Kh6 27. Bd3 c2 28. Qc4 Qe1+
0-1

[Event "Capo di tutti capi"]
[Site "SchemingMind.com"]
[Date "2008.09.28"]
[Round "-"]
[White "mikhailtal"]
[Black "tyler199"]
[Result "1-0"]
[WhiteCountry "ENG"]
[BlackCountry "CAN"]
[WhiteElo "1871"]
[WhiteRD "74"]
[BlackElo "1633"]
[BlackRD "53"]
[GameID "172664"]

1. e4 c5 2. Nf3 d6 3. d4 cxd4 4. Nxd4 Nf6 5. Nc3 a6 6. Bg5 e6 7. f4 Qb6 8. Qd2 Qxb2 9. Rb1 Qa3 10. e5 dxe5
11. fxe5
1-0

[Event "Capo di tutti capi"]
[Site "SchemingMind.com"]
[Date "2008.09.28"]
[Round "-"]
[White "riverriver"]
[Black "mikhailtal"]
[Result "1-0"]
[WhiteCountry "USA"]
[BlackCountry "ENG"]
[WhiteElo "1950"]
[WhiteRD "69"]
[BlackElo "1845"]
[BlackRD "67"]
[GameID "172665"]

1. e4 c5 2. Nf3 d6 3. d4 cxd4 4. Nxd4 Nf6 5. Nc3 a6 6. Be3 e5 7. Nb3 Be6 8. Qd2 Nbd7 9. f3 b5 10. a4 b4
11. Nd5 Bxd5 12. exd5 Nb6 13. Bxb6 Qxb6 14. O-O-O Be7 15. g3 Rc8 16. Qe2 O-O 17. Kb1 Nd7 18. Qxa6 Qxa6 19. Bxa6 Ra8 20. Bb5 Rfd8
21. Rhe1 f5 22. Nd4 Nb8 23. f4 g6 24. fxe5 dxe5 25. Rxe5 Bf6 26. Re2 Na6 27. Bc6 Rab8 28. a5 Nc5 29. Ne6 Nxe6 30. Rxe6 Kg7
31. d6 b3 32. c3 Rbc8 33. d7 Rc7 34. Rdd6 Rf8 35. Rxf6
1-0

[Event "Capo di tutti capi"]
[Site "SchemingMind.com"]
[Date "2008.09.28"]
[Round "-"]
[White "BlueMooner"]
[Black "mikhailtal"]
[Result "1-0"]
[WhiteCountry "ENG"]
[BlackCountry "ENG"]
[WhiteElo "1893"]
[WhiteRD "71"]
[BlackElo "1873"]
[BlackRD "73"]
[GameID "172666"]

1. e4 c5 2. Nf3 d6 3. d4 cxd4 4. Nxd4 Nf6 5. Nc3 a6 6. Bg5 e6 7. f4 Nc6 8. e5 h6 9. Bh4 Nxd4 10. Qxd4 dxe5
11. Qxd8+ Kxd8 12. O-O-O+ Kc7 13. fxe5 Nd7 14. g4 g5 15. Bg3 Bg7 16. Bg2 Bxe5 17. Rxd7+
1-0

[Event "Capo di tutti capi"]
[Site "SchemingMind.com"]
[Date "2008.09.30"]
[Round "-"]
[White "egis"]
[Black "mikhailtal"]
[Result "1/2-1/2"]
[WhiteCountry "LTU"]
[BlackCountry "ENG"]
[WhiteElo "1973"]
[WhiteRD "76"]
[BlackElo "1863"]
[BlackRD "64"]
[GameID "172667"]

1. e4 c5 2. Nf3 d6 3. Bb5+ Nd7 4. d4 cxd4 5. Qxd4 Nf6 6. O-O a6 7. Bxd7+ Nxd7 8. Nc3 e5 9. Qd5 Be7 10. b3 O-O
11. a4 Nf6 12. Qc4 Be6 13. Qd3 Qa5 14. Bd2 Qc5 15. Rac1 Rac8 16. Na2 d5 17. Bb4 Qc7 18. Bxe7 Qxe7 19. exd5 Bxd5 20. c4 e4
21. Qe3 Qa3 22. Ng5 Bxc4 23. bxc4 Qxa2 24. Nxe4 Nxe4 25. Qxe4 Rc7 26. c5 Rfc8 27. Rfd1 Qa3 28. Qd4 h6 29. Rc3 Qb2 30. Rd2 Qb1+
31. Rd1 Qf5 32. Rdc1 b6 33. Re3 Rxc5 34. Rce1 Kh7 35. Rg3 Qe5 36. Qd3+ Qf5 37. Qd4 f6 38. Rge3 Rc2 39. Re7 R8c4 40. Qxb6 Rxa4
41. Qa7 Qg5 42. h3 Raa2 43. Rxg7+ Qxg7 44. Re7 Qxe7 45. Qxe7+ Kg6=
1/2-1/2

[Event "Capo di tutti capi"]
[Site "SchemingMind.com"]
[Date "2008.09.28"]
[Round "-"]
[White "smothered mate"]
[Black "mikhailtal"]
[Result "0-1"]
[WhiteCountry "POL"]
[BlackCountry "ENG"]
[WhiteElo "1931"]
[WhiteRD "51"]
[BlackElo "1871"]
[BlackRD "74"]
[GameID "172668"]

1. e4 c5 2. c3 d5 3. exd5 Qxd5 4. d4 cxd4 5. cxd4 Nc6 6. Be3 e5 7. Nc3 Bb4 8. Nf3 e4 9. Nd2 Bxc3 10. bxc3 Nf6
11. Bc4 Qa5 12. Qb3 O-O 13. O-O Qc7 14. Qc2 Na5 15. Be2 Re8 16. Rac1 Bg4 17. Bb5 Re7 18. h3 Bh5 19. Bg5 Bg6 20. Qd1 a6
21. Bxf6 gxf6 22. Be2 b5 23. a4 bxa4 24. Qxa4 e3 25. Nf3 Nb7 26. Qc4 Qf4 27. d5 exf2+ 28. Kh1 Qe3 29. Nd4 Be4 30. Nc2 Qxh3#
0-1

[Event "Capo di tutti capi"]
[Site "SchemingMind.com"]
[Date "2008.09.28"]
[Round "-"]
[White "Schaakmaatje"]
[Black "mikhailtal"]
[Result "0-1"]
[WhiteCountry "NED"]
[BlackCountry "ENG"]
[WhiteElo "1804"]
[WhiteRD "46"]
[BlackElo "1873"]
[BlackRD "73"]
[GameID "172669"]

1. e4 c5 2. c3 d5 3. e5 Nc6 4. f4 h5 5. Nf3 Bg4 6. Bb5 Nh6 7. d4 e6 8. O-O Nf5 9. Na3 cxd4 10. cxd4 Bxa3
11. bxa3 Qb6 12. Qa4 Bxf3 13. Rxf3 Qxd4+ 14. Kf1 Qxa4 15. Bxa4 O-O 16. Rb1 Rfc8 17. Bd2 Ncd4 18. Rc3 b6 19. Rbc1 Rxc3 20. Rxc3 b5
21. Bd1 g6 22. h3 h4 23. Be1 Kf8 24. Bg4 Ke8 25. g3 hxg3 26. Kg2 Kd7 27. Bxg3 Rc8 28. Be1 Rxc3 29. Bxc3 Nc2 30. Bb2 Nfe3+
31. Kf3 Nc4 32. Bc1 N4xa3 33. Kf2 Nc4 34. Bd1 Nb4
0-1

[Event "Capo di tutti capi"]
[Site "SchemingMind.com"]
[Date "2008.09.28"]
[Round "-"]
[White "thebirdolux"]
[Black "mikhailtal"]
[Result "1-0"]
[WhiteCountry "USA"]
[BlackCountry "ENG"]
[WhiteElo "2261"]
[WhiteRD "73"]
[BlackElo "1873"]
[BlackRD "73"]
[GameID "172670"]

1. e4 c5 2. Nc3 Nc6 3. Bb5 Nd4 4. Bc4 e6 5. Nge2 Nc6 6. d4 cxd4 7. Nxd4 d6 8. O-O Nf6 9. Be3 Be7 10. f4 O-O
11. Qf3 Na5 12. Bd3 Bd7 13. e5 Ne8 14. Rad1 Qb8 15. Qh3 g6 16. f5 exf5 17. Nd5 Bd8 18. Bh6 Ng7 19. Nf6+ Bxf6 20. exf6 Nh5
21. Bxf5 Bxf5 22. Rxf5 Nxf6 23. Rxf6 Qd8 24. Rdf1 Qb6 25. c3 Nc6 26. Qe6 Nxd4 27. cxd4 Qxd4+ 28. Kh1 Qh4 29. Rxf7
1-0

[Event "Capo di tutti capi"]
[Site "SchemingMind.com"]
[Date "2008.09.28"]
[Round "-"]
[White "TRFz"]
[Black "mikhailtal"]
[Result "1-0"]
[WhiteCountry "GBR"]
[BlackCountry "ENG"]
[WhiteElo "2226"]
[WhiteRD "68"]
[BlackElo "1863"]
[BlackRD "70"]
[GameID "172671"]

1. e4 c5 2. Nf3 d6 3. d4 cxd4 4. Nxd4 Nf6 5. Nc3 a6 6. a4 Nc6 7. Be2 e6 8. O-O Be7 9. Be3 Bd7 10. f4 Rc8
11. Qe1 h5 12. Rd1 Qc7 13. Qg3 Kf8 14. Nb3 h4 15. Qf2 Nb4 16. Bb6 Qb8 17. Bf3 Bc6 18. Rd4 d5 19. e5 Ne4 20. Bxe4 dxe4
21. Nc5 Nd5 22. Nxd5 exd5 23. Rxd5 Rh6 24. e6 fxe6 25. Nd7+ Bxd7 26. Rxd7 Rc6 27. Rfd1 Rd6 28. R7xd6
1-0

[Event "Capo di tutti capi"]
[Site "SchemingMind.com"]
[Date "2008.09.28"]
[Round "-"]
[White "tyler199"]
[Black "mikhailtal"]
[Result "0-1"]
[WhiteCountry "CAN"]
[BlackCountry "ENG"]
[WhiteElo "1633"]
[WhiteRD "53"]
[BlackElo "1871"]
[BlackRD "74"]
[GameID "172672"]

1. e4 c5 2. Nf3 d6 3. d4 cxd4 4. Nxd4 Nf6 5. Nc3 a6 6. a4 Nc6 7. Be2 e5 8. Nb3 Be6 9. Bg5 Be7 10. Bxf6 Bxf6
0-1

[Event "Capo di tutti capi"]
[Site "SchemingMind.com"]
[Date "2008.09.30"]
[Round "-"]
[White "Theodoric"]
[Black "mikhailtal"]
[Result "1-0"]
[WhiteCountry "ENG"]
[BlackCountry "ENG"]
[WhiteElo "2067"]
[WhiteRD "69"]
[BlackElo "1873"]
[BlackRD "73"]
[GameID "172730"]

1. e4 c5 2. c3 d5 3. exd5 Qxd5 4. d4 cxd4 5. cxd4 Nc6 6. Nf3 e5 7. Nc3 Bb4 8. Bd2 Bxc3 9. Bxc3 e4 10. Ne5 Nxe5
11. dxe5 Ne7 12. Qa4+ Bd7 13. Qb4 Nc6 14. Qxb7 O-O 15. Rd1 Rab8 16. Qxd7
1-0

[Event "Capo di tutti capi"]
[Site "SchemingMind.com"]
[Date "2008.09.30"]
[Round "-"]
[White "Theodoric"]
[Black "riverriver"]
[Result "1-0"]
[WhiteCountry "ENG"]
[BlackCountry "USA"]
[WhiteElo "2020"]
[WhiteRD "70"]
[BlackElo "1955"]
[BlackRD "76"]
[GameID "172731"]

1. e4 c5 2. c3 e6 3. d4 d5 4. exd5 exd5 5. Nf3 Bd6 6. Be2 Ne7 7. O-O cxd4 8. Nxd4 O-O 9. Be3 Nbc6 10. Nd2 Nxd4
11. Bxd4 Nf5 12. Nf3 Re8 13. Re1 Nxd4 14. Qxd4 Re4 15. Qd3 Bc5 16. Nd2 Re5 17. Bf1 Qd6 18. b4 Bb6 19. Nc4 Rxe1 20. Rxe1 Qf8
21. Nxb6 axb6 22. Qxd5 Ra3 23. Qf3 Rxa2 24. Bc4 Be6 25. Bxa2 Bxa2 26. h3 g6 27. Qxb7 Qd8 28. Ra1 Bd5 29. Rd1 Bxb7 30. Rxd8+ Kg7
31. Rb8 Bd5 32. Rxb6 f5 33. Rd6 Bc4 34. Rd7+ Kh6 35. Rc7 Bb5 36. Rc5 Bd3 37. b5 Be4 38. b6 Bb7 39. c4 Kg5 40. Rc7 Be4
41. c5 f4 42. c6 f3 43. b7 Kf6 44. b8=Q
1-0

[Event "Capo di tutti capi"]
[Site "SchemingMind.com"]
[Date "2008.09.26"]
[Round "-"]
[White "Theodoric"]
[Black "BlueMooner"]
[Result "1-0"]
[WhiteCountry "ENG"]
[BlackCountry "ENG"]
[WhiteElo "2071"]
[WhiteRD "73"]
[BlackElo "1818"]
[BlackRD "76"]
[GameID "172732"]

1. e4 c5 2. c3 d5 3. exd5 Qxd5 4. d4 Nc6 5. Nf3 Bg4 6. Be2 cxd4 7. cxd4 e6 8. O-O Nf6 9. Nc3 Qa5 10. Bd2 Qb6
11. d5 Nxd5 12. Nxd5 exd5 13. Be3 Qc7 14. Qxd5 Bxf3 15. Bxf3
1-0

[Event "Capo di tutti capi"]
[Site "SchemingMind.com"]
[Date "2008.09.30"]
[Round "-"]
[White "Theodoric"]
[Black "egis"]
[Result "1/2-1/2"]
[WhiteCountry "ENG"]
[BlackCountry "LTU"]
[WhiteElo "1993"]
[WhiteRD "70"]
[BlackElo "1979"]
[BlackRD "70"]
[GameID "172733"]

1. e4 c5 2. c3 Nf6 3. e5 Nd5 4. d4 cxd4 5. Bc4 Nb6 6. Bb3 Nc6 7. Nf3 dxc3 8. Nxc3 e6 9. O-O Bb4 10. Nb5 O-O
11. Qd3 a6 12. Bc2 g6 13. Nd6 Nd5 14. Nxc8 Qxc8 15. Bb3 Nb6 16. Bh6 Rd8 17. Bg5 Re8 18. Qe3 Nd5 19. Qe4 Nde7 20. Rac1 Rb8
21. Rfd1 b5 22. a3 Ba5 23. Qf4 Nf5 24. Nd4 Nfxd4 25. Rxd4 Nxd4 26. Qxd4 Bb6 27. Qd2 Qb7 28. Bf6 Rec8 29. Rd1 Bc5 30. Qf4 Qc7
31. Qh6 Bf8 32. Qd2 Rb7 33. h3 Bg7 34. Bxg7 Kxg7 35. Qf4 Qc5 36. Qf6+ Kg8 37. h4 h5 38. Rd6 b4 39. Bd1 bxa3 40. bxa3 Qc1
41. Kh2 a5 42. Bf3 Rbc7 43. Be2 Rb8 44. f4 Qxa3 45. Bd3 a4 46. Bxg6 fxg6 47. Qxg6+= Kf8 48. Qf6+ Kg8=
1/2-1/2

[Event "Capo di tutti capi"]
[Site "SchemingMind.com"]
[Date "2008.09.30"]
[Round "-"]
[White "Theodoric"]
[Black "smothered mate"]
[Result "1-0"]
[WhiteCountry "ENG"]
[BlackCountry "POL"]
[WhiteElo "2067"]
[WhiteRD "69"]
[BlackElo "1886"]
[BlackRD "52"]
[GameID "172734"]

1. e4 c5 2. c3 e6 3. d4 cxd4 4. cxd4 d5 5. e5 Nc6 6. Nf3 Qb6 7. Nc3 Bb4 8. Bd2 Nge7 9. a3 Bxc3 10. bxc3 Bd7
11. Bd3 h6 12. O-O Rc8 13. Qc2 a6 14. Rfb1 Qa7 15. a4 Na5 16. Bc1 Nc4 17. Nd2 O-O 18. Bxc4 dxc4 19. Ba3 Rfe8 20. Bxe7 Rxe7
21. Ne4 Bc6 22. Nd6 Rcc7 23. a5 Bd5 24. Rb6 Rc6 25. Rxc6 Bxc6 26. Nc8
1-0

[Event "Capo di tutti capi"]
[Site "SchemingMind.com"]
[Date "2008.09.28"]
[Round "-"]
[White "Theodoric"]
[Black "Schaakmaatje"]
[Result "1-0"]
[WhiteCountry "ENG"]
[BlackCountry "NED"]
[WhiteElo "2067"]
[WhiteRD "69"]
[BlackElo "1804"]
[BlackRD "46"]
[GameID "172735"]

1. e4 c5 2. c3 e5 3. Nf3 Nc6 4. Bb5 d6 5. O-O f5 6. d3 Nf6 7. Bg5 Be7 8. Nbd2 O-O 9. Bh4 Kh8 10. Bxc6 bxc6
11. Qb3 d5 12. Nxe5 Qc7 13. f4 Rb8 14. Qc2 fxe4 15. dxe4 Nxe4 16. Bxe7 Qxe7 17. Nxc6 Qd6 18. Nxb8 Qxb8 19. Nxe4 Bf5 20. Qf2 Bxe4
21. Qxc5 Rc8 22. Qf2 Rc7 23. Rad1 Rc4 24. f5 Rc6 25. Rd4 Rb6 26. b3 Rf6 27. c4 Rxf5 28. Qd2 Rh5 29. g4 Rh4 30. Rf4 Qc8
31. Rfxe4
1-0